00289nam a2200133Ia 45000030006000000080041000060400015000471000016000622450026000782500013001042600009001175460012001260050017001380STCL150530s9999 xx 000 0 und d aSTCLcSTCL aLows, S Ed. aGovernance of England aTwelveth c1922 aEnglish20220125165447.0